| 000 | 01134cam a2200133 4500500 | ||
|---|---|---|---|
| 005 | 20251214005325.0 | ||
| 041 | _afre | ||
| 042 | _adc | ||
| 100 | 1 | 0 |
_aRouyer, Véronique _eauthor |
| 245 | 0 | 0 | _aLa construction de l'identité sexuée |
| 260 |
_bArmand Colin,
_c2007. |
||
| 520 | _aQuels sont les processus et facteurs qui interviennent dans la construction de l'identité sexuée ? Entre le sexe et le genre, le biologique et le social, quelle est la part du sujet ? Une première partie est consacrée aux modèles théoriques classiques (approches biologiques, théorie psychanalytique, théorie de l'apprentissage social et théories cognitives) ainsi qu' aux perspectives intégratives. Puis, dans une seconde partie, sont développés les facteurs affectifs, sociaux et cognitifs, et les processus psychologiques à ll'oeuvre durant l'enfance, l'adolescence et l'âge adulte. Pour finir sont abordés les rapports sociaux de sexe, et la problématique de la différence et de l'égalité. | ||
| 856 | 4 | 1 | _uhttps://shs.cairn.info/la-construction-de-l-identite-sexuee--9782200346669?lang=fr&redirect-ssocas=7080 |
| 999 |
_c1568771 _d1568771 |
||